| 000 | 00397nam a22001337a 4500 | ||
|---|---|---|---|
| 999 |
_c17878 _d17878 |
||
| 008 | 190731b xxu||||| |||| 00| 0 eng d | ||
| 020 | _a9400746756 | ||
| 050 |
_aS494.5 _b.A37 2012 c.1 |
||
| 245 |
_aAgroforestry _bThe Future of Global Land Use _cedited by Ramachandran and Dennis Garrity |
||
| 260 |
_aLondon _bSpringer _c2012 |
||
| 300 | _axxi, 541p. | ||
| 650 | _aAgroforestry | ||
| 942 |
_2lcc _cBK |
||